000 01217nam0a22002771 4500
001 rc\4831908
005 20250612230306.0
021 _aRU
_b[67-56559]
035 _a(NLR Aleph) 008888882
090 _a8629543
_c8629543
100 _a20130426d1967 |||y0rusy50 ca
101 0 _arus
102 _aRU
105 _ay z |||||
200 1 _aСтенографический отчет
_fЗаседания Верховного Совета Татар. АССР шестого созыва (восьмая сессия) 17-18 янв. 1967 г.
210 _aКазань
_cВерховный Совет Татар. АССР
_c[Таткнигоиздат]
_d1967
215 _a111 с.
_d22
601 0 2 _aВерховный Совет Татарской АССР
_jЗаконы и постановления
_z1967
_2psbo
606 _aНароднохозяйственный план
_yТатарская АССР
_z1967
_2psbo
606 _aБюджет
_yТатарская АССР
_z1967
_2psbo
710 1 2 _aТатарская АССР. Верховный Совет. Созыв (6). Сессия (8)
801 0 _aRU
_bNLR
_gpsbo
801 1 _aRU
_bELAR
_2rusmarc
852 _aNLR
_j67-5/3150
942 _cBOOK
980 _aNB